| 000 | 01358cad a22002655a 4500 | ||
|---|---|---|---|
| 001 | L148917 | ||
| 008 | 091020s2009 xxk f 000 0 eng d | ||
| 035 | _a(Sirsi) u148917 | ||
| 041 | 0 | _aeng | |
| 050 | 0 | 4 | _a333.72 $1 8 |
| 100 | 1 | _aEichholtz, Piet | |
| 245 | 0 | 0 |
_aWhy do companies rent green? _breal property and corporate social responsibility _h[electronic resource] |
| 260 |
_aLondon _bRICS _c2009 |
||
| 490 | 0 |
_aRICS Research _vNovember 2009 |
|
| 505 | 2 | _aPart A, summary -- Part B, technical paper: introduction; corporate social responsibility and investment; data and methods; statistical analysis and empirical results; conclusions -- References -- Appendices | |
| 520 | _aResearches the type of companies who occupy office space in green buildings in the USA. Suggests that these companies usually rent green because of: direct and indirect economic benefits; risk avoidance; and ethical behaviour (see also E147093). Tables. | ||
| 521 | _aAdvanced | ||
| 590 | _aKA | ||
| 651 | 4 |
_aEngland and Wales _y1543- |
|
| 690 | _aENVIRONMENTAL AND LAND CONSULTANCY-ENERGY-ENERGY USE-ENERGY EFFICIENCY | ||
| 700 | 1 | _aKok, Niels | |
| 700 | 1 | _aQuigley, John M. | |
| 856 | 4 | 0 |
_uhttps://www.rics.org/en/jaduimportroot/jadudownloads/Recent-Research_/Why-do-companies-rent-green_5071/ _zView the research free of charge at www.rics.org... |
| 942 | _n0 | ||
| 999 |
_c110286 _d110286 |
||